DUKI - Canciones de Albumes y EP - Estadísticas

Estadísticas generales
  • Esta prueba ha sido intentada 1.091 veces
    630 desde el último reinicio
  • La puntuación promedio es 52 de 93
Estadísticas de respuestas
Feats. Super Sangre Joven % Correcto
. Ameri
79%
Myke Towers Nueva Era
79%
Rei, YSY A Pintao
77%
Milo J Vida de Rock
77%
Bizarrap Malbec
75%
. Goteo
74%
Jhayco RoCKSTAR 2.0
74%
C.R.O hARAkiRi
72%
Judeline Imperio
72%
Lucho SSJ 01 dE ENEro
71%
Bizarrap Buscarte Lejos
71%
Clúster aGaRRo La PLaTa
70%
Khea Hitboy
70%
YSY A Un Dia Mas
70%
Lia Kali Constelacion
69%
Zell Calabasas
68%
De la Ghetto, Quevedo Si Quieren Frontear
68%
Headie One Brindis
67%
Asan Luna
67%
Kidd Keo, Juicy J 24
66%
. Antes de Perderte
66%
. Barro
66%
YG, Eladio Carrión Hardaway
66%
Ovy Wanshot, Lucho SSJ No Drama
66%
Lara91k Sol
66%
Wiz Khalifa, Arcángel Wake Up Bake Up
66%
. Cine
65%
. Golfista
64%
Juhn, Juanka, AK:240 Bici
62%
Quevedo don´t liE
62%
. Givenchy
62%
Khea, Bizarrap Remember Me
62%
. TOP 5
62%
We$t Dubai cONTRA Mi
61%
Mora Amor Bipolar
60%
YSY A A Punta De Espada
60%
Morad Trato De Estar Bien
60%
Salastkabron uNO dOS
60%
Khea Muriendome
59%
Rels B Yin Yan
59%
Emilia Mernes Esto Recien Empieza
58%
. [FREE] 5202 Type Beat
56%
. Leitmotiv
56%
Aleman Me Gusta Lo Simple
56%
. NO ME ALCANZA
56%
. Te Traje Flores
56%
. Ultimo Tren a Ameri
56%
. eCLIPSE sOLAR
55%
. Chico Estrella
53%
. JEFES DEL SUDOESTE
53%
Asan Pastillas
53%
. 2Tonos
52%
. Midtown
52%
Ca7riel Muero de Fiesta Este Finde
52%
. Volando Bajito
52%
Big One antes de perderte (OG VERSION)
51%
. Celosa
51%
. Sudor Y Trabajo
50%
. Ticket
50%
Justin Quiles, Bizarrap Unfollow
50%
. Cascada
49%
. GiGi
49%
C. Tangana, Khea It´s A Vibe
49%
. Señorita
49%
. Yo-Yo
49%
Akapellah, Neutro Shorty, +1 CSIpher
48%
En Parte... No lo sé
48%
. Perdon
48%
. aPoLLo 13
47%
. bUSCANDO Ameri
47%
Pablo Chill-E, Neo Pistea, +3 Fifty Fifty
47%
. Ley de Atraccion
47%
. Marca De La Cadena
47%
. TROYA
46%
Lucho SSJ, Farina Cuanto
45%
. I Don´t Know
45%
Sferra Ebbasta, Eladio Carrión One Million Dollar Baby
45%
Tobi Valentino
45%
. Vida Eterna
45%
Pekeño 77, Mesita, +2 Ella Es Mi Bitch
44%
Marcianos, Lucho SSJ La Jefatura
44%
. En Movimiento
43%
. Rapido
43%
. Toc Psycho x CRYPTONITA
42%
. N.C.L.C
41%
. Perreo Bendito
41%
. 100pre@Límite
39%
. Mi Diablo
38%
Big Deiv Deja Vu
35%
Young Cister Flex like Trunkz
35%
. La Vuelta
35%
Gallagher Smoke A Lot
33%
. Sin Mirar
32%
No se encontraron pruebas coincidentes
Distribución de puntuación
Porcentaje de gente con cada puntuación
Porcentaje por número respondido
Historial de tus puntuaciones
No has intentado esta prueba desde el último reinicio